Üdvözlet a Deménfaluj völgyből (Liptó m.)

Zobrazenie: Pohľad do Demänovskej doliny 3 osoby v popredí. Vľavo vidno niekoľko ihličnatých stromov, vpravo vidno vysoké skaly obrastené ihličnatými stromami. V pravej časti po celej výške pohľadnice sa nachádza biely rámček na správu

Bibliographic Details
Format: Postcard
Language:Hungarian
PhysicalDescription:1 pohľadnica tónovaná do zelena 9 x 14 cm
Published: [Slovensko?] [vydavateľ neznámy] [1906?]
Subjects:

MARC

LEADER 00000ckm a2200000 a 4500
001 vtls001414045
003 SK-MaSNL
005 20260512121957.0
007 kp ao
008 230706q1906 xo g 0kuhun
015 |a SNBG1906 
035 |a SNK000368770 
035 |a urn:nbn:sk:snk-km43hfi 
035 |a 84EEFEDE-F3C1-4296-A670-F2C476321A19 
035 |a urn:nbn:sk:snk-km00e9qp 
040 |a SNK  |b slo  |c SNK  |e AACR2 
041 0 |a hun 
043 |a e-xo--- 
044 |a xo  |c SK 
072 7 |a 908(437)  |x Vlastiveda Česka a Slovenska  |2 konspekt 
080 |a 911.2(23.046)  |2 2011 
080 |a 551.4.036  |2 2011 
080 |a 551.435.4  |2 2011 
080 |a 908(437.6)  |2 2011 
080 |a 94(084.121)  |2 2011 
245 0 0 |a Üdvözlet a Deménfaluj völgyből (Liptó m.)  |h grafika 
260 |a [Slovensko?]  |b [vydavateľ neznámy]  |c [1906?] 
300 |a 1 pohľadnica  |b tónovaná do zelena  |c 9 x 14 cm 
500 |a Názvové údaje prevzaté z obrazovej časti pohľadnice 
520 8 |a Zobrazenie: Pohľad do Demänovskej doliny 3 osoby v popredí. Vľavo vidno niekoľko ihličnatých stromov, vpravo vidno vysoké skaly obrastené ihličnatými stromami. V pravej časti po celej výške pohľadnice sa nachádza biely rámček na správu 
650 0 7 |a doliny  |2 SNKPH  |9 256361 
650 0 7 |a skaly  |2 SNKPH  |9 73945 
651 7 |a Demänovská dolina (Slovensko)  |2 SNKPHgeo  |9 67586 
655 7 |a geografické pohľadnice  |2 SNKPH  |9 70522 
655 7 |a historické pohľadnice  |2 SNKPH  |9 159703 
852 |a Slovenská národná knižnica 
958 |a GBN 
958 |a GC 
958 |a ONDV 
999 |c 553839  |d 555769 
952 |t P60, <03>, [BOOK], {603}  |a SNK  |b SNK  |y PREZ  |7 0  |p 17A0301463  |o snkSP 10445  |z Pohľadnica prešla poštou.  |0 0  |1 0  |4 0  |d 2001-05-29  |f 1  |l 0  |r 2005-01-02 00:00:00  |w 2026-02-23